[Event "1. OEsterreichische Internet Schach Meisterschaft - Vorrunde 2"]
[Site "Online - Playchess.com"]
[Date ""]
[Round "1"]
[Board "27"]
[White "Hiermann, Dietmar"]
[Black "Stolzlechner, Thomas"]
[Result "1-0"]
[WhiteElo "2250"]
[BlackElo "2037"]
[PlyCount "83"]
[EventDate "2020.04.13"]
[EventRounds "9"]
[EventCountry "AUT"]

1. e4 e5 2. Nf3 Nc6 3. Bc4 Nf6 4. d3 Be7 5. Nc3 O-O 6. a3 a6 7. O-O b5 8. Ba2 Bb7
9. Nd5 d6 10. c3 Nb8 11. Ne3 Nbd7 12. a4 c6 13. Re1 Re8 14. Nf5 Bf8 15. Bg5 h6 16.
Bd2 Nc5 17. Qc2 Nxa4 18. d4 exd4 19. cxd4 Nb6 20. Rad1 d5 21. e5 Ne4 22. b3 Qd7 23.
Ng3 Nxg3 24. hxg3 Qe6 25. Bb1 g6 26. Nh4 Bg7 27. f4 Qg4 28. Kh2 a5 29. f5 g5 30.
f6 gxh4 31. Qh7+ Kf8 32. fxg7+ Ke7 33. Bf5 hxg3+ 34. Kg1 Qxd4+ 35. Be3 Qh4 36. Bc5+
Kd8 37. Bxb6+ Ke7 38. Bh3 c5 39. Bxc5+ Kd8 40. g8=Q Rc8 41. Qxe8+ Kxe8 42. Qg8#  1-0

[Event "1. OEsterreichische Internet Schach Meisterschaft - Vorrunde 2"]
[Site "Online - Playchess.com"]
[Date ""]
[Round "1"]
[Board "28"]
[White "Gelbenegger, Patrick"]
[Black "Hadler, Johann"]
[Result "1-0"]
[WhiteElo "2240"]
[BlackElo "1996"]
[PlyCount "129"]
[EventDate "2020.04.13"]
[EventRounds "9"]
[EventCountry "AUT"]

1. e4 d5 2. exd5 Qxd5 3. Nc3 Qa5 4. Nf3 Nf6 5. Bc4 c6 6. O-O e6 7. d4 Qc7 8. Bg5
Nbd7 9. Bh4 Bd6 10. Bg3 Bxg3 11. hxg3 b5 12. Bb3 Bb7 13. Re1 O-O 14. a3 Rad8 15.
Qe2 a6 16. Ng5 Rfe8 17. Nce4 c5 18. dxc5 Nxe4 19. Nxe4 Nxc5 20. Nxc5 Qxc5 21. Rad1
Qc6 22. f3 h6 23. Rd3 Qc5+ 24. Kf1 Qc7 25. g4 Rxd3 26. Qxd3 Rd8 27. Qe2 Qh2 28. Kf2
Qh4+ 29. Kg1 Qf6 30. c3 Bd5 31. Bxd5 Rxd5 32. Rd1 Qd8 33. Rxd5 Qxd5 34. Kh1 g6 35.
a4 Kg7 36. axb5 axb5 37. Qe3 Qb3 38. Qd2 Qc4 39. Kg1 Qc5+ 40. Qf2 Qc4 41. Qd2 Kh7
42. Kf2 Qb3 43. Kg3 Qc4 44. Qd7 Kg8 45. Qe8+ Kg7 46. Qd8 Kh7 47. Qf6 Kg8 48. Qf4
Qb3 49. Qd2 Qc4 50. Kf2 Qb3 51. Kg3 Kh7 52. Qc1 Qc4 53. Qf4 Qxf4+ 54. Kxf4 Kg7 55.
Ke5 h5 56. gxh5 gxh5 57. b3 Kg6 58. c4 bxc4 59. bxc4 h4 60. c5 Kg7 61. c6 Kf8 62.
Kd6 Ke8 63. Kc7 Ke7 64. Kb7 Kd6 65. c7  1-0

[Event "1. OEsterreichische Internet Schach Meisterschaft - Vorrunde 2"]
[Site "Online - Playchess.com"]
[Date ""]
[Round "1"]
[Board "29"]
[White "Haemmerle, Dietmar"]
[Black "Fuchs, Georg"]
[Result "1/2-1/2"]
[WhiteElo "1762"]
[BlackElo "2234"]
[PlyCount "82"]
[EventDate "2020.04.13"]
[EventRounds "9"]
[EventCountry "AUT"]

1. e4 e5 2. Nf3 Nc6 3. Bc4 Nf6 4. Nc3 Nxe4 5. Nxe4 d5 6. Bb5 dxe4 7. Nxe5 Qf6 8.
Nxc6 bxc6 9. Be2 Bc5 10. O-O O-O 11. d4 Bxd4 12. c3 Be5 13. f4 exf3 14. Rxf3 Qh4
15. g3 Qh3 16. Bf1 Qh5 17. Be2 Bg4 18. Re3 Rad8 19. Qe1 Bd6 20. Bxg4 Qxg4 21. Re4
Bc5+ 22. Kg2 Qd1 23. Bf4 Qd5 24. Kh3 f5 25. Re5 Qd6 26. Re6 Qd7 27. b4 Bd6 28. Rd1
Qf7 29. Bxd6 cxd6 30. Rdxd6 Rxd6 31. Rxd6 Re8 32. Qd1 f4 33. Kg2 Qxa2+ 34. Kh3 fxg3
35. hxg3 h6 36. Rxc6 Qf7 37. Rd6 Qf5+ 38. Kg2 Qe4+ 39. Kh3 Qf5+ 40. Kg2 Qe4+ 41.
Kh3 Qf5+  1/2-1/2

[Event "1. OEsterreichische Internet Schach Meisterschaft - Vorrunde 2"]
[Site "Online - Playchess.com"]
[Date ""]
[Round "1"]
[Board "30"]
[White "Riegler, Leonie"]
[Black "Kruckenhauser, Arthur"]
[Result "0-1"]
[WhiteElo "1579"]
[BlackElo "2233"]
[PlyCount "54"]
[EventDate "2020.04.13"]
[EventRounds "9"]
[EventCountry "AUT"]

1. d4 Nf6 2. c4 c5 3. Nc3 cxd4 4. Qxd4 Nc6 5. Qd1 e5 6. Nf3 Bb4 7. Bd2 O-O 8. a3
Ba5 9. b4 Bc7 10. e3 d5 11. Be2 d4 12. exd4 exd4 13. Nb5 d3 14. Nxc7 dxe2 15. Qxe2
Qxc7 16. O-O Bg4 17. h3 Nd4 18. Qd3 Nxf3+ 19. gxf3 Bxh3 20. Rfe1 Rad8 21. Qc2 Qc6
22. Qc3 Rxd2 23. Re5 Qd6 24. Rg5 Rd3 25. Qc2 Qf4 26. Rg3 Rxf3 27. Rxf3 Qxf3  0-1

[Event "1. OEsterreichische Internet Schach Meisterschaft - Vorrunde 2"]
[Site "Online - Playchess.com"]
[Date ""]
[Round "1"]
[Board "31"]
[White "Meier, Alexander"]
[Black "Werdecker, Roland"]
[Result "0-1"]
[WhiteElo "2226"]
[BlackElo "1960"]
[PlyCount "52"]
[EventDate "2020.04.13"]
[EventRounds "9"]
[EventCountry "AUT"]

1. e4 d5 2. exd5 Nf6 3. d4 Qxd5 4. Nc3 Qa5 5. Bc4 Bf5 6. Bd2 Qb6 7. Nf3 Nbd7 8. Qe2
Bxc2 9. O-O Bf5 10. Ne5 e6 11. Be3 Qb4 12. a3 Qe7 13. Rad1 c6 14. Rfe1 Nb6 15. Bb3
Rd8 16. Bg5 h6 17. Bh4 g5 18. Bg3 Bg7 19. h4 Nbd5 20. Nxd5 Nxd5 21. hxg5 hxg5 22.
Qf3 Qf6 23. Nc4 g4 24. Be5 Qh4 25. g3 Qh2+ 26. Kf1 gxf3  0-1

[Event "1. OEsterreichische Internet Schach Meisterschaft - Vorrunde 2"]
[Site "Online - Playchess.com"]
[Date ""]
[Round "1"]
[Board "32"]
[White "Mostbauer, Maximilian"]
[Black "Gschiel, Alexander"]
[Result "1-0"]
[WhiteElo "2217"]
[BlackElo "1908"]
[PlyCount "135"]
[EventDate "2020.04.13"]
[EventRounds "9"]
[EventCountry "AUT"]

1. d4 Nf6 2. Nf3 e6 3. g3 b6 4. Bg2 Bb7 5. O-O Be7 6. b3 O-O 7. Bb2 c5 8. Nbd2 d6
9. c4 Nbd7 10. dxc5 Nxc5 11. Nd4 Bxg2 12. Kxg2 Qc7 13. e3 a6 14. Qf3 Rac8 15. h4
h5 16. Ne2 e5 17. Nc3 Ne6 18. Rfd1 g6 19. Rac1 Rfd8 20. Nd5 Qd7 21. Nxf6+ Bxf6 22.
Qxf6 Nc5 23. Qf3 Nd3 24. Ne4 Nxc1 25. Nf6+ Kg7 26. Nxd7 Rxd7 27. Bxe5+ Kg8 28. Qf6
dxe5 29. Rxd7 Rf8 30. Rd8 Nxa2 31. Rxf8+ Kxf8 32. Qxb6 Nc1 33. Qb8+ Ke7 34. Qxe5+
Kd7 35. Qd5+ Kc7 36. Qxf7+ Kb6 37. Qxg6+ Ka7 38. Qxh5 Nxb3 39. Qf7+ Kb6 40. h5 a5
41. h6 a4 42. h7 a3 43. c5+ Nxc5 44. h8=Q a2 45. Qxa2 Kc6 46. Qc4 Kd6 47. Qf6+ Kc7
48. Qxc5+ Kb7 49. Qce7+ Ka8 50. g4 Kb8 51. g5 Kc8 52. g6 Kb8 53. Qfe6 Ka8 54. f4
Kb8 55. f5 Ka8 56. f6 Kb8 57. Qh7 Ka8 58. f7 Kb8 59. Qe7 Ka8 60. g7 Kb8 61. e4 Ka8
62. e5 Kb8 63. Qd7 Ka8 64. e6 Kb8 65. e7 Ka8 66. Qe4+ Kb8 67. Qd6+ Kc8 68. e8=Q#
 1-0

[Event "1. OEsterreichische Internet Schach Meisterschaft - Vorrunde 2"]
[Site "Online - Playchess.com"]
[Date ""]
[Round "1"]
[Board "33"]
[White "Redhammer, Markus"]
[Black "Hofmann, Thomas"]
[Result "1-0"]
[WhiteElo "1899"]
[BlackElo "2215"]
[PlyCount "31"]
[EventDate "2020.04.13"]
[EventRounds "9"]
[EventCountry "AUT"]

1. e4 c5 2. d4 cxd4 3. c3 dxc3 4. Nxc3 Nc6 5. Nf3 d6 6. e5 dxe5 7. Qxd8+ Kxd8 8.
Ng5 Ke8 9. Bc4 e6 10. Nb5 Rb8 11. Nc7+ Ke7 12. Be3 b6 13. O-O-O f6 14. Ngxe6 Bxe6
15. Bxe6 Rb7 16. Rd7#  1-0

[Event "1. OEsterreichische Internet Schach Meisterschaft - Vorrunde 2"]
[Site "Online - Playchess.com"]
[Date ""]
[Round "1"]
[Board "34"]
[White "Brod, Manfred"]
[Black "Dilly, Julian"]
[Result "1-0"]
[WhiteElo "2211"]
[BlackElo "1502"]
[PlyCount "21"]
[EventDate "2020.04.13"]
[EventRounds "9"]
[EventCountry "AUT"]

1. e4 c5 2. Nf3 g6 3. d4 cxd4 4. Nxd4 Bg7 5. c4 Nc6 6. Be3 e6 7. Nc3 Nge7 8. Ndb5
a6 9. Nd6+ Kf8 10. Qd2 Qb6 11. Bxb6  1-0

[Event "1. OEsterreichische Internet Schach Meisterschaft - Vorrunde 2"]
[Site "Online - Playchess.com"]
[Date ""]
[Round "1"]
[Board "36"]
[White "Schumi, Manfred"]
[Black "Kienboeck, Benjamin"]
[Result "0-1"]
[WhiteElo "2202"]
[BlackElo "1922"]
[PlyCount "116"]
[EventDate "2020.04.13"]
[EventRounds "9"]
[EventCountry "AUT"]

1. e4 c5 2. Nf3 d6 3. d4 cxd4 4. Nxd4 Nf6 5. Nc3 a6 6. Bg5 e6 7. f4 Qb6 8. Qd2 Nc6
9. O-O-O Qxd4 10. Qxd4 Nxd4 11. Rxd4 Be7 12. Be2 O-O 13. Bf3 Re8 14. Rhd1 Rb8 15.
e5 dxe5 16. fxe5 Nd5 17. Bxe7 Nxe7 18. Rd8 Kf8 19. Ne4 Nd5 20. Rxe8+ Kxe8 21. Nd6+
Ke7 22. Bxd5 exd5 23. Rxd5 b6 24. Nxc8+ Rxc8 25. Rd6 Rb8 26. Kd2 f6 27. Rd3 fxe5
28. Ke3 Ke6 29. Rc3 Rb7 30. Ke4 Rd7 31. Rc6+ Ke7 32. Kxe5 Rd2 33. Rxb6 Rxc2 34. b4
Rxa2 35. Rb7+ Kf8 36. Rb8+ Kf7 37. Rb7+ Kg6 38. Rb6+ Kh5 39. g3 Rxh2 40. Rxa6 Rg2
41. Ra3 Rb2 42. Ra7 Kh6 43. Rb7 Rb3 44. b5 Rxg3 45. b6 Rb3 46. Kd5 g5 47. Kc5 Kg6
48. Re7 h5 49. b7 g4 50. Kc6 Kg5 51. Rh7 h4 52. Kc7 g3 53. b8=Q Rxb8 54. Kxb8 Kg4
55. Kc7 g2 56. Kd6 Kf3 57. Rg7 h3 58. Ke5 h2  0-1

[Event "1. OEsterreichische Internet Schach Meisterschaft - Vorrunde 2"]
[Site "Online - Playchess.com"]
[Date ""]
[Round "1"]
[Board "37"]
[White "Schein, Karl-Heinz"]
[Black "Enne, Harald"]
[Result "1-0"]
[WhiteElo "2187"]
[BlackElo "1916"]
[PlyCount "79"]
[EventDate "2020.04.13"]
[EventRounds "9"]
[EventCountry "AUT"]

1. e4 c5 2. Nf3 d6 3. Bb5+ Bd7 4. Bxd7+ Qxd7 5. O-O Nc6 6. Re1 e5 7. c3 g6 8. d4
cxd4 9. cxd4 Bg7 10. d5 Nd4 11. Nc3 Nxf3+ 12. Qxf3 Ne7 13. Bg5 O-O 14. Bf6 Rac8 15.
Rac1 Rc5 16. h4 h5 17. Bg5 a6 18. Be3 Rc4 19. Ne2 Rfc8 20. b3 Rxc1 21. Rxc1 Rxc1+
22. Nxc1 f5 23. Bg5 fxe4 24. Qxe4 Qf5 25. f3 Nc8 26. Ne2 Nb6 27. Ng3 Qxe4 28. fxe4
Kf7 29. Nf1 a5 30. a4 Nd7 31. Ne3 Nc5 32. Nc4 Bf8 33. Nxa5 b6 34. Nc4 Nxe4 35. Nxb6
Nc5 36. b4 Na6 37. b5 Nc5 38. a5 Ke8 39. a6 Kf7 40. a7  1-0

[Event "1. OEsterreichische Internet Schach Meisterschaft - Vorrunde 2"]
[Site "Online - Playchess.com"]
[Date ""]
[Round "1"]
[Board "38"]
[White "Polterauer, Chiara"]
[Black "Rampler, Evelyn"]
[Result "1-0"]
[WhiteElo "2178"]
[BlackElo "1806"]
[PlyCount "43"]
[EventDate "2020.04.13"]
[EventRounds "9"]
[EventCountry "AUT"]

1. e4 c5 2. Nf3 Nc6 3. d4 cxd4 4. Nxd4 Qc7 5. Nc3 a6 6. Be3 e6 7. a3 Nf6 8. Be2 Bd6
9. Ndb5 axb5 10. Nxb5 Qa5+ 11. Bd2 Qb6 12. Nxd6+ Ke7 13. Nc4 Qc7 14. e5 Ne4 15. O-O
Nxd2 16. Qxd2 Nxe5 17. Qb4+ Kd8 18. Nd6 Nc6 19. Qf4 Rf8 20. Nxf7+ Rxf7 21. Qxf7 Ne7
22. Qf8#  1-0

[Event "1. OEsterreichische Internet Schach Meisterschaft - Vorrunde 2"]
[Site "Online - Playchess.com"]
[Date ""]
[Round "1"]
[Board "39"]
[White "Ofner, Maximilian"]
[Black "Moerwald, Miriam"]
[Result "1-0"]
[WhiteElo "2177"]
[BlackElo "1760"]
[PlyCount "81"]
[EventDate "2020.04.13"]
[EventRounds "9"]
[EventCountry "AUT"]

1. e4 e6 2. d4 d5 3. e5 c5 4. c3 Nc6 5. Nf3 Bd7 6. Be2 f6 7. O-O fxe5 8. dxe5 Nh6
9. Bf4 Nf5 10. Na3 a6 11. Nc2 g6 12. Qd2 Bg7 13. b4 Qc7 14. bxc5 Na5 15. Ne3 Qxc5
16. c4 Nxe3 17. Bxe3 Qc6 18. Qxa5 dxc4 19. Nd4 Qc8 20. Qa3 Qc7 21. Qd6 Qxd6 22. exd6
Rc8 23. Rac1 c3 24. Bg4 O-O 25. Bxe6+ Bxe6 26. Nxe6 Rf6 27. Nxg7 Kxg7 28. Bd4 c2
29. d7 Rd8 30. Bxf6+ Kxf6 31. Rxc2 Rxd7 32. g3 Kg5 33. h4+ Kf6 34. Re1 Kf7 35. Rec1
Kf6 36. Rc7 Rd2 37. R1c2 Rd1+ 38. Kg2 Kf5 39. Rxb7 Kg4 40. Rc5 Rd4 41. Rg5#  1-0

[Event "1. OEsterreichische Internet Schach Meisterschaft - Vorrunde 2"]
[Site "Online - Playchess.com"]
[Date ""]
[Round "1"]
[Board "40"]
[White "Milanollo, Mario"]
[Black "Mittelberger, Peter"]
[Result "0-1"]
[WhiteElo "2053"]
[BlackElo "2176"]
[PlyCount "150"]
[EventDate "2020.04.13"]
[EventRounds "9"]
[EventCountry "AUT"]

1. d4 d6 2. c4 g6 3. Nc3 Bg7 4. Nf3 Nf6 5. g3 O-O 6. Bg2 a6 7. O-O c6 8. Qc2 b5 9.
b3 bxc4 10. bxc4 a5 11. Nd2 Ra7 12. Rb1 Qc7 13. e4 Ba6 14. Na4 Nbd7 15. Ba3 Raa8
16. Rb3 Rab8 17. Rfb1 Rxb3 18. axb3 Rb8 19. Nc3 c5 20. d5 h6 21. Ne2 Nh7 22. Bb2
Bxb2 23. Rxb2 Qb6 24. Ra2 Bc8 25. Qc3 Ra8 26. Bh3 Nhf6 27. Nc1 Bb7 28. Nd3 Bc8 29.
e5 dxe5 30. Nxe5 Nxe5 31. Bxc8 Rxc8 32. Qxe5 Rc7 33. h3 Ra7 34. Qe3 Qd6 35. Qc3 Qb6
36. Kg2 Nd7 37. Ne4 Qb4 38. Qxb4 cxb4 39. f4 f5 40. Nf2 Nc5 41. Rb2 a4 42. bxa4 Rxa4
43. Nd1 b3 44. Ne3 Ra2 45. Nd1 Ra1 46. Nc3 Rc1 47. Ne2 Rxc4 48. Kf3 Kf7 49. g4 fxg4+
50. hxg4 Ra4 51. Ke3 Ra2 52. Rb1 b2 53. Nc3 Ra3 54. Kd4 Nb3+ 55. Kd3 Nc5+ 56. Kc4
Na4 57. Nxa4 Rxa4+ 58. Kc5 Rxf4 59. Rxb2 Rxg4 60. Rf2+ Ke8 61. Re2 Kd7 62. Re6 h5
63. Ra6 h4 64. Ra7+ Ke8 65. Ra8+ Kf7 66. Ra7 Kf6 67. Ra6+ Kg5 68. Re6 h3 69. Rxe7
h2 70. Re5+ Kf6 71. Re1 Rg1 72. Re6+ Kf7 73. Re2 h1=Q 74. d6 Rc1+ 75. Kb4 Qb7+  0-1

[Event "1. OEsterreichische Internet Schach Meisterschaft - Vorrunde 2"]
[Site "Online - Playchess.com"]
[Date ""]
[Round "1"]
[Board "41"]
[White "Novkovic, Julia"]
[Black "Moerwald, Magdalena"]
[Result "0-1"]
[WhiteElo "2170"]
[BlackElo "1791"]
[PlyCount "94"]
[EventDate "2020.04.13"]
[EventRounds "9"]
[EventCountry "AUT"]

1. e4 c6 2. d4 d5 3. exd5 cxd5 4. Bd3 Nc6 5. c3 Nf6 6. Bf4 g6 7. Nd2 Bf5 8. Nb3 e6
9. Nf3 Bd6 10. Bg3 Rc8 11. O-O Bxd3 12. Qxd3 Bxg3 13. fxg3 O-O 14. Rae1 Ne4 15. Nbd2
Nxd2 16. Nxd2 Na5 17. Rf3 Nc4 18. b3 Nxd2 19. Qxd2 Qc7 20. Ref1 b5 21. Qh6 e5 22.
dxe5 Qxe5 23. Re3 Qg7 24. Qxg7+ Kxg7 25. Rd1 Rfd8 26. Rd4 Rd6 27. Kf2 Ra6 28. Rd2
Rac6 29. Rxd5 Rxc3 30. Rxb5 Rxe3 31. Kxe3 Rc2 32. a4 Rxg2 33. Rb7 Rb2 34. Kd4 a5
35. Kc4 Rxh2 36. Ra7 Rc2+ 37. Kd4 Rd2+ 38. Kc3 Rd5 39. Ra6 h5 40. Kc4 Rg5 41. Rc6
Rf5 42. Rc5 Rxc5+ 43. Kxc5 g5 44. Kd4 h4 45. gxh4 gxh4 46. Ke3 Kf6 47. Ke4 Ke6  0-1

[Event "1. OEsterreichische Internet Schach Meisterschaft - Vorrunde 2"]
[Site "Online - Playchess.com"]
[Date ""]
[Round "1"]
[Board "42"]
[White "Messner, Andreas"]
[Black "Pirker, Christian"]
[Result "0-1"]
[WhiteElo "1856"]
[BlackElo "2167"]
[PlyCount "80"]
[EventDate "2020.04.13"]
[EventRounds "9"]
[EventCountry "AUT"]

1. Nf3 g6 2. e4 Bg7 3. d4 d6 4. c3 Nf6 5. Bd3 O-O 6. O-O Nbd7 7. Bg5 h6 8. Bh4 e5
9. d5 c5 10. Na3 a6 11. h3 b5 12. b4 g5 13. Bg3 Nh5 14. Bh2 Nf4 15. Bxf4 exf4 16.
Rc1 c4 17. Bb1 Ne5 18. Nd4 Bd7 19. Qc2 Qf6 20. f3 h5 21. Qf2 Rfb8 22. Rcd1 a5 23.
Nac2 Nd3 24. Rxd3 cxd3 25. Ne1 axb4 26. Nxd3 bxc3 27. Nf5 Bxf5 28. exf5 Qd4 29. Qxd4
Bxd4+ 30. Kh1 c2 31. Bxc2 Rxa2 32. Nb4 Ra1 33. Rxa1 Bxa1 34. Nc6 Re8 35. Be4 Bc3
36. Kg1 b4 37. Kf1 b3 38. Ke2 b2 39. Kd1 Rxe4 40. fxe4 b1=Q+  0-1

[Event "1. OEsterreichische Internet Schach Meisterschaft - Vorrunde 2"]
[Site "Online - Playchess.com"]
[Date ""]
[Round "1"]
[Board "43"]
[White "Juenger, Heinz"]
[Black "Wimmer, Norbert"]
[Result "1-0"]
[WhiteElo "2165"]
[BlackElo "1973"]
[PlyCount "69"]
[EventDate "2020.04.13"]
[EventRounds "9"]
[EventCountry "AUT"]

1. e4 d5 2. exd5 Qxd5 3. Nc3 Qd6 4. d4 Nf6 5. Nf3 Bg4 6. h3 Bh5 7. g3 a6 8. Bg2 Nc6
9. O-O O-O-O 10. Bf4 Qb4 11. g4 Bg6 12. a3 Qxb2 13. Qe1 Bxc2 14. Ra2 Qb3 15. Qc1
Qxc3 16. Rxc2 Qa5 17. Rxc6 bxc6 18. Ne5 Nd5 19. Qxc6 Qb6 20. Bxd5 Rxd5 21. Qxd5 e6
22. Qa8+ Qb8 23. Qxb8+ Kxb8 24. Nxf7 Rg8 25. Rb1+ Kc8 26. Rc1 Be7 27. Rxc7+ Kb8 28.
Rxe7+ Kc8 29. Rc7+ Kb8 30. Kg2 Ka8 31. Rd7 Rf8 32. Rd8+ Rxd8 33. Nxd8 Ka7 34. Nxe6
Kb6 35. Nxg7  1-0

[Event "1. OEsterreichische Internet Schach Meisterschaft - Vorrunde 2"]
[Site "Online - Playchess.com"]
[Date ""]
[Round "1"]
[Board "44"]
[White "Katter, Marlene"]
[Black "Nolz, Tom"]
[Result "0-1"]
[WhiteElo "1609"]
[BlackElo "2157"]
[PlyCount "80"]
[EventDate "2020.04.13"]
[EventRounds "9"]
[EventCountry "AUT"]

1. d4 d6 2. Bf4 Nc6 3. e3 e5 4. dxe5 Nxe5 5. Bxe5 dxe5 6. Qxd8+ Kxd8 7. Nf3 Bd6 8.
Nc3 c6 9. Bc4 Nh6 10. Ng5 f6 11. Nf7+ Nxf7 12. Bxf7 Kc7 13. O-O-O Bf5 14. Bc4 Bg6
15. Bd3 f5 16. e4 f4 17. g3 Raf8 18. Rhf1 h5 19. h4 Rf6 20. Bc4 Rhf8 21. a3 b5 22.
Bd3 a5 23. Be2 b4 24. axb4 axb4 25. Na2 Bxe4 26. Bxh5 fxg3 27. f3 Bxf3 28. Bxf3 Rxf3
29. Rg1 e4 30. Rde1 e3 31. Kd1 Bc5 32. Rg2 Rf2 33. Rxg3 Rd2+ 34. Kc1 Rff2 35. Rgg1
Rxc2+ 36. Kb1 Rxb2+ 37. Ka1 Rxa2+ 38. Kb1 Rfb2+ 39. Kc1 Bd4 40. Kd1 Ra1#  0-1

[Event "1. OEsterreichische Internet Schach Meisterschaft - Vorrunde 2"]
[Site "Online - Playchess.com"]
[Date ""]
[Round "1"]
[Board "45"]
[White "Miazhynski, Alexander"]
[Black "Heinrici, Simon"]
[Result "0-1"]
[WhiteElo "1535"]
[BlackElo "2151"]
[PlyCount "106"]
[EventDate "2020.04.13"]
[EventRounds "9"]
[EventCountry "AUT"]

1. e4 e5 2. Nc3 Nf6 3. f4 d5 4. fxe5 Nxe4 5. Nf3 Bg4 6. Bd3 Nxc3 7. dxc3 Bc5 8. Bf4
O-O 9. Qd2 Bxf3 10. gxf3 Nc6 11. O-O-O f6 12. exf6 Qxf6 13. Bg3 Qxf3 14. Kb1 Be3
15. Qe1 Bf2 16. Bxf2 Qxf2 17. Qe6+ Qf7 18. Qe2 Rae8 19. Qg2 Qf3 20. Qg5 Re5 21. Qh4
Rh5 22. Qe1 Qf7 23. Qe2 Re8 24. Qg2 Ne5 25. Rhf1 Qd7 26. Qg3 Nxd3 27. Qxd3 c6 28.
Rg1 Rhe5 29. Qg3 Qe7 30. a3 Re6 31. Rd2 Rg6 32. Qf2 Rxg1+ 33. Qxg1 Qe1+ 34. Qxe1
Rxe1+ 35. Ka2 g5 36. c4 dxc4 37. Rd8+ Kf7 38. Rd7+ Re7 39. Rd2 h5 40. b3 cxb3+ 41.
cxb3 Kg6 42. Kb2 g4 43. Kc2 Kg5 44. Kc3 Kh4 45. Rd3 Rf7 46. Rd2 Kh3 47. Kc2 h4 48.
Kc3 g3 49. hxg3 hxg3 50. Rd3 Kh2 51. Rd2+ g2 52. Rd8 g1=Q 53. Rh8+ Kg2  0-1

[Event "1. OEsterreichische Internet Schach Meisterschaft - Vorrunde 2"]
[Site "Online - Playchess.com"]
[Date ""]
[Round "1"]
[Board "46"]
[White "Chen, Qingxia"]
[Black "Trippold, Denise"]
[Result "0-1"]
[WhiteElo "1776"]
[BlackElo "2150"]
[PlyCount "132"]
[EventDate "2020.04.13"]
[EventRounds "9"]
[EventCountry "AUT"]

1. e4 c5 2. Nf3 e6 3. d4 cxd4 4. Qxd4 Nc6 5. Qe3 Qc7 6. Bb5 a6 7. Bxc6 bxc6 8. O-O
d5 9. exd5 cxd5 10. Nd4 Be7 11. Nc3 Nf6 12. h3 O-O 13. Re1 Rb8 14. a3 Bd7 15. b4
Rfc8 16. Bb2 Bd6 17. Nce2 e5 18. Nf3 d4 19. Qg5 h6 20. Qh4 Qxc2 21. Rab1 Nd5 22.
Nfxd4 exd4 23. Nxd4 Qg6 24. Ba1 Nf4 25. g4 Nd3 26. Red1 Bf8 27. Nf3 Rc2 28. Nd2 Qg5
29. Qg3 Rbc8 30. Ne4 Qb5 31. Qxd3 Qxd3 32. Rxd3 Bb5 33. Rd2 Rc1+ 34. Rxc1 Rxc1+ 35.
Kg2 Rxa1 36. Rd8 Bc6 37. Kf3 Re1 38. Rd4 g6 39. Rc4 Bb7 40. h4 f5 41. gxf5 gxf5 42.
Kf4 Rxe4+ 43. Rxe4 Bxe4 44. f3 Bd3 45. Ke5 Be7 46. h5 Kf7 47. f4 Bc2 48. Kd5 Kf6
49. Kc6 Ke6 50. Kb6 Bd3 51. Kc6 Bd6 52. Kb6 Bxf4 53. a4 Be3+ 54. Ka5 f4 55. b5 axb5
56. axb5 Bxb5 57. Kxb5 f3 58. Kc4 f2 59. Kd3 f1=Q+ 60. Kxe3 Ke5 61. Kd2 Qf3 62. Kc2
Kd4 63. Kb2 Qc3+ 64. Ka2 Qb4 65. Ka1 Kc3 66. Ka2 Qb2#  0-1

[Event "1. OEsterreichische Internet Schach Meisterschaft - Vorrunde 2"]
[Site "Online - Playchess.com"]
[Date ""]
[Round "1"]
[Board "47"]
[White "Steininger, Barbara"]
[Black "Brehovsky, Paul"]
[Result "0-1"]
[WhiteElo "1622"]
[BlackElo "2149"]
[PlyCount "94"]
[EventDate "2020.04.13"]
[EventRounds "9"]
[EventCountry "AUT"]

1. d4 e6 2. c4 Nf6 3. Nc3 d5 4. Nf3 c6 5. Bg5 Nbd7 6. e3 Qa5 7. cxd5 Nxd5 8. Qc2
Bb4 9. Rc1 Qxa2 10. Nd2 Nxc3 11. bxc3 Qxc2 12. Rxc2 Be7 13. Bf4 b6 14. Bd3 Bb7 15.
O-O c5 16. Rfc1 g5 17. Bg3 h5 18. h3 f5 19. Bb5 a6 20. Bxd7+ Kxd7 21. Be5 Rhg8 22.
Nc4 Kc6 23. Rb2 Bd8 24. Nd6 Ra7 25. Rcb1 Bc7 26. Nxb7 Rxb7 27. Bxc7 Kxc7 28. dxc5
b5 29. c4 Rgb8 30. Ra2 bxc4 31. Rxb7+ Kxb7 32. Rc2 Kc6 33. Rxc4 Rb1+ 34. Kh2 Rb5
35. Ra4 a5 36. Rc4 Rxc5 37. Ra4 Kb5 38. Ra2 Kb4 39. Kg3 Kb3 40. Ra1 a4 41. Kf3 a3
42. Rb1+ Kc2 43. Ra1 Kb2 44. Rd1 a2 45. Rd2+ Kb3 46. Rd1 Kb2 47. Rd2+ Rc2  0-1

[Event "1. OEsterreichische Internet Schach Meisterschaft - Vorrunde 2"]
[Site "Online - Playchess.com"]
[Date ""]
[Round "1"]
[Board "48"]
[White "Bachler, Reinhard"]
[Black "Maderner, Arnulf"]
[Result "1-0"]
[WhiteElo "2143"]
[BlackElo "1687"]
[PlyCount "73"]
[EventDate "2020.04.13"]
[EventRounds "9"]
[EventCountry "AUT"]

1. f4 d5 2. Nf3 Nf6 3. c3 e6 4. Qc2 Be7 5. d3 c5 6. e4 dxe4 7. dxe4 Nc6 8. Bb5 Qc7
9. O-O O-O 10. Na3 a6 11. Bxc6 Qxc6 12. Re1 Qc7 13. Nc4 b5 14. Nce5 Bb7 15. h3 Rad8
16. Bd2 Rd6 17. Ng4 Nxg4 18. hxg4 Rfd8 19. Be3 c4 20. Bd4 f6 21. Rad1 R6d7 22. e5
Bc5 23. exf6 Bxd4+ 24. Rxd4 Rxd4 25. Nxd4 Qxf4 26. Nxe6 Qxg4 27. Nxd8 gxf6 28. Nxb7
f5 29. Nd6 Qf4 30. Nxf5 Kf7 31. Qf2 Qxf2+ 32. Kxf2 Kf6 33. g4 Kg5 34. Kf3 h5 35.
gxh5 Kxf5 36. Rg1 Kf6 37. h6  1-0

[Event "1. OEsterreichische Internet Schach Meisterschaft - Vorrunde 2"]
[Site "Online - Playchess.com"]
[Date ""]
[Round "1"]
[Board "49"]
[White "Strodl, Joachim"]
[Black "Wimmer, Kevin"]
[Result "0-1"]
[WhiteElo "2137"]
[BlackElo "1944"]
[PlyCount "84"]
[EventDate "2020.04.13"]
[EventRounds "9"]
[EventCountry "AUT"]

1. d4 d5 2. Nf3 Nf6 3. g3 e6 4. Bg2 Be7 5. O-O O-O 6. c4 dxc4 7. Qc2 a6 8. a4 Bd7
9. Qxc4 Bc6 10. Nc3 Nbd7 11. Qd3 Nb6 12. Bg5 Nbd5 13. Rfe1 h6 14. Bxf6 Bxf6 15. e4
Nb4 16. Qd2 a5 17. Rad1 Re8 18. e5 Be7 19. h4 Qd7 20. Qf4 Nd5 21. Nxd5 Bxd5 22. Ra1
Rec8 23. Bf1 c5 24. Bb5 Qd8 25. dxc5 Bxc5 26. Red1 Qb6 27. Nh2 Rd8 28. Ng4 Bb3 29.
Rxd8+ Rxd8 30. h5 Rd4 31. Nxh6+ gxh6 32. Qxh6 Qd8 33. Re1 Rd1 34. Rxd1 Qxd1+ 35.
Kh2 Qg4 36. Be2 Qg7 37. Qf4 Bd5 38. g4 Be7 39. Qe3 Qg5 40. f4 Qh4+ 41. Kg1 Qh1+ 42.
Kf2 Bh4+  0-1

[Event "1. OEsterreichische Internet Schach Meisterschaft - Vorrunde 2"]
[Site "Online - Playchess.com"]
[Date ""]
[Round "1"]
[Board "50"]
[White "Ehs, Dominik"]
[Black "Froewis, Annika"]
[Result "1-0"]
[WhiteElo "2070"]
[BlackElo "2136"]
[PlyCount "77"]
[EventDate "2020.04.13"]
[EventRounds "9"]
[EventCountry "AUT"]

1. e4 e5 2. Nf3 Nc6 3. Bc4 Bc5 4. O-O Nf6 5. d4 Bxd4 6. Nxd4 Nxd4 7. f4 d6 8. fxe5
dxe5 9. Bg5 Rg8 10. Na3 Be6 11. c3 Nc6 12. Qxd8+ Rxd8 13. Bxf6 gxf6 14. Rxf6 Rd2
15. Rf2 Rxf2 16. Kxf2 Bxc4 17. Nxc4 Ke7 18. Ne3 Rd8 19. Nd5+ Kd6 20. Rd1 Kc5 21.
Ke2 Rd7 22. b4+ Kb5 23. a4+ Kxa4 24. Nb6+ axb6 25. Rxd7 Kb3 26. Kd3 Na7 27. Rxc7
Nb5 28. Rxb7 Nxc3 29. Rxb6 Nd1 30. Rb7 f6 31. b5 Kb4 32. Rxh7 Kxb5 33. h4 Kc5 34.
h5 Kd6 35. h6 Nf2+ 36. Ke2 Nxe4 37. Rh8 Ng5 38. h7 Ke7 39. Re8+  1-0